00229nam a2200085Ia 4500008004100000041000800041100002400049245003900073260003100112230508s2005 xx 000 0 und d aeng aJ.D.MEIER,MICROSOFT aIMPROVING WEB APPLICATION SECURITY bPRENTICE HALL OF INDc2005